| 000 | 00577nam a2200145 a 4500 | ||
|---|---|---|---|
| 008 | 120416s1968 ||||||||||||||||| || u | ||
| 050 | _aDT 471 Jul | ||
| 100 | _aJuly, Robert William | ||
| 245 | 1 | 4 | _aThe origins of modern African thought |
| 246 | _aits development in West Africa during th 19th and 20th centuries | ||
| 260 |
_aLondon _bFaber and Faber _c1968 |
||
| 300 | _a512p. : ill. | ||
| 350 | _a0.00 | ||
| 995 |
_D0.00 _FCBU-MAIN LIBRARY (Kitwe) _H1 _I0.00 _M1 _UAVAILABLE _WSep 6, 2006 _ZMain Library Open Access Collection |
||
| 999 |
_c52942 _d52942 |
||